000 01230cam a22002657i 4500
001 3394
005 20250728094441.0
020 _a9781618103123
040 _aDLC
_beng
_cDLC
_erda
_dDLC
050 0 0 _aPZ7.R6347
082 _a823
100 1 _aRobertson, J. Jean
245 1 0 _aCharlie's harmonica /
_cby J. Jean Robertson ; illustrated by Jenny Snape.
260 _a Florida :
_bRourke Educational Media,
_c2013
300 _a24 pages :
_bcolor illustrations ;
_c21 cm.
490 0 _aLittle birdie books
_vLevel 1-2
505 _aN
520 _aThe 24-page book, Charlie's Harmonica, introduces early learners to teacher-focused concepts that will help them gain important reading comprehension and social skills. The vibrant illustrations and engaging leveled text in the Little Birdie Books' Leveled Readers work together to tell fun stories while supporting early readers. Featuring grade-appropriate vocabulary and activities, these books help children develop essential skills for reading proficiency.
521 _a560
_bLexile
521 _aN
_bRaz-Plus
650 _amusic
_vFiction
700 1 _aSnape, Jenny
_eillustrator
906 _a7
_bcbc
_corignew
_d4
_eepcn
_f20
_gy-gencatlg
942 _2ddc
_cBK
_n0
999 _c3394
_d3394